<?xml version="1.0" encoding="UTF-8"?>
<record
    xmlns:xsi="http://www.w3.org/2001/XMLSchema-instance"
    xsi:schemaLocation="http://www.loc.gov/MARC21/slim http://www.loc.gov/standards/marcxml/schema/MARC21slim.xsd"
    xmlns="http://www.loc.gov/MARC21/slim">

  <leader>00287nam a22001217a 4500</leader>
  <datafield tag="040" ind1=" " ind2=" ">
    <subfield code="c">RUA</subfield>
  </datafield>
  <datafield tag="082" ind1=" " ind2=" ">
    <subfield code="a">907 CHA 1996 C217 Or.</subfield>
  </datafield>
  <datafield tag="100" ind1=" " ind2=" ">
    <subfield code="a">CHARLES DUMAS.</subfield>
  </datafield>
  <datafield tag="245" ind1=" " ind2=" ">
    <subfield code="a">LA FAUNE SAUVAGE DU CAMBODGE.</subfield>
  </datafield>
  <datafield tag="260" ind1=" " ind2=" ">
    <subfield code="a">phnom penh</subfield>
    <subfield code="b">rua</subfield>
    <subfield code="c">1996</subfield>
  </datafield>
  <datafield tag="300" ind1=" " ind2=" ">
    <subfield code="a">xiv.281p.</subfield>
    <subfield code="b">ill.</subfield>
    <subfield code="c">29cm.</subfield>
  </datafield>
  <datafield tag="942" ind1=" " ind2=" ">
    <subfield code="c">REC</subfield>
  </datafield>
  <datafield tag="999" ind1=" " ind2=" ">
    <subfield code="c">22543</subfield>
    <subfield code="d">22543</subfield>
  </datafield>
  <datafield tag="952" ind1=" " ind2=" ">
    <subfield code="0">0</subfield>
    <subfield code="1">0</subfield>
    <subfield code="4">0</subfield>
    <subfield code="6">907_000000000000000_CHA_1996_C217_OR</subfield>
    <subfield code="7">0</subfield>
    <subfield code="9">97004</subfield>
    <subfield code="a">LBC</subfield>
    <subfield code="b">LBC</subfield>
    <subfield code="c">C217</subfield>
    <subfield code="d">2024-01-15</subfield>
    <subfield code="o">907 CHA 1996 C217 Or.</subfield>
    <subfield code="p">a24475</subfield>
    <subfield code="r">2024-01-15</subfield>
    <subfield code="y">REC</subfield>
  </datafield>
  <datafield tag="952" ind1=" " ind2=" ">
    <subfield code="0">0</subfield>
    <subfield code="1">0</subfield>
    <subfield code="4">0</subfield>
    <subfield code="6">907_000000000000000_CHA_1996_C217_OR</subfield>
    <subfield code="7">0</subfield>
    <subfield code="9">97005</subfield>
    <subfield code="a">LBC</subfield>
    <subfield code="b">LBC</subfield>
    <subfield code="c">C217</subfield>
    <subfield code="d">2024-01-15</subfield>
    <subfield code="o">907 CHA 1996 C217 Or.</subfield>
    <subfield code="p">a22758</subfield>
    <subfield code="r">2024-01-15</subfield>
    <subfield code="y">REC</subfield>
  </datafield>
  <datafield tag="952" ind1=" " ind2=" ">
    <subfield code="0">0</subfield>
    <subfield code="1">0</subfield>
    <subfield code="4">0</subfield>
    <subfield code="6">907_000000000000000_CHA_1996_C217_OR</subfield>
    <subfield code="7">0</subfield>
    <subfield code="9">97006</subfield>
    <subfield code="a">LBC</subfield>
    <subfield code="b">LBC</subfield>
    <subfield code="c">C217</subfield>
    <subfield code="d">2024-01-15</subfield>
    <subfield code="o">907 CHA 1996 C217 Or.</subfield>
    <subfield code="p">a24727</subfield>
    <subfield code="r">2024-01-15</subfield>
    <subfield code="y">REC</subfield>
  </datafield>
  <datafield tag="952" ind1=" " ind2=" ">
    <subfield code="0">0</subfield>
    <subfield code="1">0</subfield>
    <subfield code="4">0</subfield>
    <subfield code="6">907_000000000000000_CHA_1996_C217_OR</subfield>
    <subfield code="7">0</subfield>
    <subfield code="9">97007</subfield>
    <subfield code="a">LBC</subfield>
    <subfield code="b">LBC</subfield>
    <subfield code="c">C217</subfield>
    <subfield code="d">2024-01-15</subfield>
    <subfield code="o">907 CHA 1996 C217 Or.</subfield>
    <subfield code="p">a11131</subfield>
    <subfield code="r">2024-01-15</subfield>
    <subfield code="y">REC</subfield>
  </datafield>
</record>
